000 00271nam a2200121Ia 4500
008 170224s9999 xx 000 0 und d
245 _aIn Memoriam
260 _bAmerican Journal of Nursing
260 _c2016
300 _a116:6
500 _aJune
650 _xNursing.
999 _c316958
_d316958